000 00764nam a2200253 a 4500
005 20140310183622.0
008 130408s19uu xx 00 eng d
020 _a9780070171503
050 _aHD 62.4
_b.B187 2010
100 _aBall, Donald A.
245 _aInternational business :
_bthe challenge of global competition /
_cDonald A. Ball... [et al.].
250 _a12th ed.
260 _aBoston, MA :
_bMcGraw-Hill Irwin,
_c2010.
300 _a682 p. :
_bill. col. ;
_c23 cm.
500 _aIncludes index
521 _aBSBA
650 _aInternational business
700 _aMcCulloch, Wendell H., Jr.
700 _aGeringer, Michael J.
700 _aMinor, Michael S.
700 _aMcNettt, Jeanne M.
942 _cBK
_2lcc
_kFOR
999 _c25419
_d25419